| 000 | 00459nam a2200157 i 4500 | ||
|---|---|---|---|
| 001 | 29184 | ||
| 003 | ES-MaACL | ||
| 005 | 20230906154003.0 | ||
| 007 | t| | ||
| 008 | 030121s1913 fr ||||1| fre d | ||
| 100 | 1 |
_aBardoux, Jacques. _925598 |
|
| 245 | 1 | 2 |
_aL'Angleterre radicale _b: essai de psychologie sociale (1906-1913) / _cJacques Bardoux. |
| 260 |
_aEvreuse : _bCh. Herissey, _c1913. |
||
| 300 |
_aVIII, 560 p. ; _c22 cm. |
||
| 852 |
_aES-MaACL _jF-8927 |
||
| 999 |
_c29184 _d29184 |
||